La contaminació : bases ecològiques i tècniques de correcció / Josep Manuel Gonzàlez i Cabré bases ecològiques i tècniques de correcció / Josep Manuel Gonzàlez i Cabré
Descripción Física:
38 p. : il. ; 24 cm
Colección:
Quaderns d' Ecologia aplicada ; 3
MARC
| LEADER | 00000nam a2200000Ia 4500 | ||
|---|---|---|---|
| 001 | 8782 | ||
| 008 | 160829s1989 xx 000 0 cat d | ||
| 080 | |a C-1-217 | ||
| 100 | |a González i Cabré, Josep Manuel |9 30916 | ||
| 245 | |a La contaminació : |b bases ecològiques i tècniques de correcció / Josep Manuel Gonzàlez i Cabré | ||
| 250 | |a 2a ed., rev. | ||
| 260 | |a Barcelona : |b Diputació de Barcelona. Servei del Medi Ambient, |c 1989 | ||
| 300 | |a 38 p. : |b il. ; |c 24 cm | ||
| 490 | |a Quaderns d' Ecologia aplicada ; 3 | ||
| 650 | 0 | |a Contaminació |9 30503 | |
| 650 | |a Ecologia |9 37601 | ||
| 710 | 1 | |a Barcelona (Catalunya : Província). |b Servei de Medi Ambient |9 53475 | |
| 901 | |a Arxiu | ||
| 942 | |n 1 | ||
| 952 | |0 0 |1 0 |4 0 |6 C1217 |7 1 |9 48182 |a Arxiu |b Arxiu |d 2016-12-01 |l 0 |o C-1-217 |p 8782 |r 2016-12-01 00:00:00 |w 2016-12-01 |y ARXIU | ||
| 999 | |c 51988 |d 51988 | ||